Саха тыла (Запись № 9821320)

Подробности
000 -МАРКЕР
контрольное поле 01423nam0a2200301 4500
001 - ИДЕНТИФИКАТОР ЗАПИСИ
контрольное поле RU\NLR\BIBL_A\010721268
005 - ИДЕНТИФИКАТОР ВЕРСИИ
контрольное поле 20260405223841.0
035 ## - ДРУГИЕ СИСТЕМНЫЕ НОМЕРА
Идентификатор записи (NLR Aleph) 010721268
100 ## - ДАННЫЕ ОБЩЕЙ ОБРАБОТКИ
Данные общей обработки 20150407d1971 |||y0rusy50 ca
101 0# - ЯЗЫК РЕСУРСА
Язык текста, звукозаписи и т.д. якутский
102 ## - СТРАНА ПУБЛИКАЦИИ ИЛИ ПРОИЗВОДСТВА
Страна публикации Российская Федерация
105 ## - ПОЛЕ КОДИРОВАННЫХ ДАННЫХ: ТЕКСТОВЫЕ МАТЕРИАЛЫ, МОНОГРАФИЧЕСКИЕ
Кодированные данные о монографическом текстовом документе a z 000 y
200 9# - ЗАГЛАВИЕ И СВЕДЕНИЯ ОБ ОТВЕТСТВЕННОСТИ
Основное заглавие Саха тыла
Сведения, относящиеся к заглавию 4-с кыл. үөрэнэр кин.
Первые сведения об ответственности Н. Е. Петров, С. А. Иванов, Н. Н. Неустроев
205 ## - СВЕДЕНИЯ ОБ ИЗДАНИИ
Сведения об издании [изд. пробное]
210 ## - ПУБЛИКАЦИЯ, РАСПРОСТРАНЕНИЕ И ДР.
Место издания, распространения и т.д. Якутскай
Имя издателя, распространителя и т. д. Саха сиринээҕи кинигэ изд-вота
Дата издания, распространения и т.д. 1971
215 ## - ФИЗИЧЕСКАЯ ХАРАКТЕРИСТИКА
Специфическое обозначение материала и объем 187,[1] с.
Другие сведения о физической характеристике ил.
Размеры 22
300 ## - ОБЩИЕ ПРИМЕЧАНИЯ
Текст примечания Авт. на обл. не указаны
541 1# - ПЕРЕВОД ЗАГЛАВИЯ, СДЕЛАННЫЙ КАТАЛОГИЗАТОРОМ
Заглавие Якутский язык
Сведения, относящиеся к заглавию учебник для 4 кл.
Язык заглавия русский
606 1# - НАИМЕНОВАНИЕ ТЕМЫ КАК ПРЕДМЕТ
Наименование темы Якутский язык
Формальный подзаголовок Учебники для средней школы
Системный номер авторитетной/нормативной записи 1075219
Идентификатор авторитетной/нормативной записи RU\NLR\AUTH\66419324
686 1# - ИНДЕКСЫ ДРУГИХ КЛАССИФИКАЦИЙ
Индекс Ш163.41-922
700 #1 - ИМЯ ЛИЦА - ПЕРВИЧНАЯ ОТВЕТСТВЕННОСТЬ
Код отношения Автор
Материалы, к которым относится поле rus
Графика поля Кириллица
Начальный элемент ввода Петров
Часть имени, кроме начального элемента ввода Н. Е.
Дополнения к именам, кроме дат д-р филол. наук, тюрколог
Даты 1929-
Расширение инициалов личного имени Николай Егорович
Идентификатор авторитетной/нормативной записи RU\NLR\AUTH\77101998
Системный номер авторитетной/нормативной записи 84924
701 #1 - ИМЯ ЛИЦА - АЛЬТЕРНАТИВНАЯ ОТВЕТСТВЕННОСТЬ
Код отношения Автор
Материалы, к которым относится поле rus
Графика поля Кириллица
Начальный элемент ввода Иванов
Часть имени, кроме начального элемента ввода С. А.
Дополнения к именам, кроме дат д-р филол. наук
Расширение инициалов личного имени Спиридон Алексеевич
Идентификатор авторитетной/нормативной записи RU\NLR\AUTH\7730620
Системный номер авторитетной/нормативной записи 13638
701 #1 - ИМЯ ЛИЦА - АЛЬТЕРНАТИВНАЯ ОТВЕТСТВЕННОСТЬ
Начальный элемент ввода Неустроев
Часть имени, кроме начального элемента ввода Н.Н.
Расширение инициалов личного имени Никифор Никифорович
Код отношения Автор
852 ## - МЕСТОНАХОЖДЕНИЕ И ШИФР ХРАНЕНИЯ
Идентификатор организации NLR
Наименование фонда или коллекции (Sub-Location Identifier) ОНЛ
Шифр хранения (Call Number) Якут./3-1650
942 ## - ДОПОЛНИТЕЛЬНЫЕ ЭЛЕМЕНТЫ ЗАПИСИ (АБИС)
Тип экземпляра АБИС Книга
980 ## - КОЛЛЕКЦИЯ
Название коллекции Национальная библиография
Экземпляры
Тип экземпляра Дата поступления Библиотека постоянного хранения Библиотека текущего хранения Место хранения Шифр хранения Штрих-код Статус экземпляра
Книга 07.04.2015 РНБ (Московский) РНБ (Московский) Фонд национальных литератур ОНЛ Якут./3-1650 1-698773